000 00457cam a2200181ua 4500
001 2410
008 110817n ii |||gr||||Z||||||asm
040 _cMAIN
082 _a398.09145
100 _aed. by Gohain, Sunil,
245 1 _aLoka sanskritir saurav
_ced. by Sunil Gohian
250 _a1st.
260 _aTinsukia:
_bSra chandra chiringphukan secy.,999.
300 _a107p:
_c23cm.
653 _aFolklore
653 _aAssamese culture
942 _cBK
999 _c2267
_d2267